The Sociology of the Workplace (Record no. 2942)

MARC details
000 -LEADER
fixed length control field 00328nam a22001337a 4500
008 - FIXED-LENGTH DATA ELEMENTS--GENERAL INFORMATION
fixed length control field 250411b |||||||| |||| 00| 0 eng d
020 ## - INTERNATIONAL STANDARD BOOK NUMBER
ISBN 004301063
100 ## - MAIN ENTRY--AUTHOR
Author WARNER Malcolm
245 ## - TITLE STATEMENT
Title The Sociology of the Workplace
260 ## - PUBLICATION, DISTRIBUTION, ETC. (IMPRINT)
Place of publication London
Name of publisher George Alten Ltd.
Date of publication 1973
300 ## - COLLATION
Pagination 287p.
942 ## - ADDED ENTRY ELEMENTS (KOHA)
Item type Books
050 ## - LIBRARY OF CONGRESS CALL NUMBER
Classification number HD6971
Item number .S63
Holdings
Source of classification or shelving scheme Not for loan Permanent location Current location Date acquired Accession No. Full call number Barcode. Koha item type
Library of Congress Classification   Samuel Ogbemudia Main Library, University of Abuja Samuel Ogbemudia Main Library, University of Abuja 04/11/2025 93/012820 HD6971.S63 2025-1294 Books